| Tag |
First Indicator |
Second Indicator |
Subfields |
| LEADER |
00000cam a2200000 i 4500 |
| 001 |
in00001374313 |
| 005 |
20151006074433.0 |
| 008 |
800812r19801890miua a 000 1 eng d |
| 035 |
|
|
|a (OCoLC)06611867
|
| 035 |
|
|
|9 AHH9268AM
|
| 037 |
|
|
|a CL0054000003
|b University Microfilms International
|
| 037 |
|
|
|b University Microfilms International, 300 N. Zeeb Rd., Ann Arbor, MI 48106
|
| 040 |
|
|
|a UMI
|c UMI
|d UtOrBLW
|
| 049 |
|
|
|a TXAI
|
| 090 |
|
|
|a PS2433.M46
|b R3 1890
|
| 099 |
|
|
|a film
|a B
|a 3866
|
| 100 |
1 |
|
|a Morris, Charles,
|d 1833-1922.
|
| 245 |
1 |
0 |
|a Prince Hal, the rattling detective /
|c by Charles Morris.
|
| 264 |
|
1 |
|a New York :
|b Beadle & Adams,
|c 1890.
|
| 300 |
|
|
|a 28 pages :
|b illustrations
|
| 336 |
|
|
|a text
|b txt
|2 rdacontent
|
| 337 |
|
|
|a microform
|b h
|2 rdamedia
|
| 338 |
|
|
|a microfilm reel
|b hd
|2 rdacarrier
|
| 490 |
1 |
|
|a Beadle's New York dime library ;
|v no. 589
|
| 500 |
|
|
|a Originally published under title: Rattling Hal, the prince of 'prentices.
|
| 500 |
|
|
|a Microfilm. Ann Arbor, Mich. : University Microfilms International, 1980. -- 1 reel ; 35 mm. -- (Dime novels ; Unit 3 ; 589-DL : reel 36:28).
|
| 500 |
|
|
|a Microform.
|
| 830 |
|
0 |
|a Beadle's New York dime library ;
|v no. 589.
|
| 830 |
|
0 |
|a Beadle's dime novels ;
|v DL-589.
|
| 999 |
|
|
|a MARS
|
| 999 |
f |
f |
|s 666e98a6-05a6-38d4-b26c-5eb786fd282b
|i 0e6de843-19be-3bbd-af6d-f5158f5f687e
|t 0
|
| 952 |
f |
f |
|p default
|a Texas A&M University
|b College Station
|c Sterling C. Evans Library
|d Evans: Microforms (3rd floor)
|t 0
|e film B 3866 reel 36:28
|h Other scheme
|i microform -- microfilm reel
|
| 998 |
f |
f |
|a film B 3866 reel 36:28
|t 0
|l Evans: Microforms (3rd floor)
|